000
00326nam a2200133Ia 4500
008
240116s9999 xx 000 0 und d
082
_a
343.6096
_b
ABI-T
100
_a
Abid, Adeel
245
4
_a
The Maritine laws of Pakistan
260
_a
Pakistan
_b
Pakistan law house
_c
2014
300
_a
324
650
_a
Law
999
_c
34992
_d
34992